000 04267nam a2200517 i 4500
001 xb30077618
006 m d
007 cr n
008 200528t20202020enk sb 000 0 eng d
020 _a9781783746828
_q(pdf)
020 _a9781783746835
_q(epub)
020 _a9781783746842
_q(azw3)
020 _a9781783747689
_q(XML)
020 _z9781783746804 (pbk.)
020 _z9781783746811 (hbk.)
022 _z2632-6906 (Print)
022 _z2632-6914 (Online)
040 _aStSaUL
_beng
_erda
041 0 _aeng
_hheb
245 0 0 _aStudies in Rabbinic Hebrew
_h[electronic resource] /
_cedited by Shai Heijmans.
264 1 _bOpen Book Publishers ;
300 _a1 online resource (240 pages)
490 1 _aCambridge Semitic languages and cultures
_x2632-6914 ;
_vvol. 2
500 _aAt head of front cover: Cambridge Semitic languages and cultures.
500 _aAvailable through Open Book Publishers.
504 _aIncludes bibliographical references and index.
505 0 _tIntroduction /
_rShai Heijmans --
_g1.
_tRabba and Rava, ʾAbba and ʾAva: Spelling, Pronunciation and Meaning /
_rYochanan Breuer --
_g2.
_tThe
_tVocalisation of MS Cambridge of the Mishnah: An Encounter Between Traditions /
_rYehudit Henshke --
_g3.
_tAdjacency Pairs and Argumentative Steps in The Halakhic Give-and-Take Conversations in The Mishnah /
_rRivka Shemesh-Raiskin --
_g4.
_tTannaitic Aramaic: Methodological Remarks and a Test Case /
_rChristian Stadel --
_g5.
_tRabbinic Entries in R. Judah Ibn-Tibbon's Translation of Duties of the Hearts /
_rBarak Avirbach --
_g6.
_tThe
_tDistinction Between Branches of Rabbinic Hebrew in Light of the Hebrew of the Late Midrash /
_rYehonatan Wormser --
_g7.
_tTwo Textual Versions of Psiqata of the Ten Commandments /
_rhlomi Efrati --
_g8.
_tVowel Reduction in Greek Loanwords in the Mishnah: The Phenomenon and Its Significance /
_rShai Heijmans -- Contributors -- About the Publishing Team -- Index.
506 _aOpen access resource providing free access.
520 _a"This volume presents a collection of articles centring on the language of the Mishnah and the Talmud - the most important Jewish texts (after the Bible), which were compiled in Palestine and Babylonia in the latter centuries of Late Antiquity. Despite the fact that Rabbinic Hebrew has been the subject of growing academic interest across the past century, very little scholarship has been written on it in English. Studies in Rabbinic Hebrew addresses this lacuna, with eight lucid but technically rigorous articles written in English by a range of experienced scholars, focusing on various aspects of Rabbinic Hebrew: its phonology, morphology, syntax, pragmatics and lexicon. This volume is essential reading for students and scholars of Rabbinic studies alike, and constitutes the second in a new series, Studies in Semitic Languages and Cultures, in collaboration with the Faculty of Asian and Middle Eastern Studies at the University of Cambridge."--Publisher's website.
538 _aMode of access: World Wide Web.
540 _aThis work is licensed under a Creative Commons Attribution 4.0 International license (CC BY 4.0). For more detailed information consult the publisher's website.
546 _a"This volume contains Hebrew and Arabic text. Please, check that your e-reader supports texts set in left-to-right direction before purchasing the epub and azw3 editions of the book."--Note on publisher's website.
546 _aExtracts of texts in Hebrew.
630 0 0 _aMishnah
_xLanguage, style.
650 0 _aHebrew language, Talmudic.
700 1 _aHeijmans, Shai,
_eeditor.
710 2 _aOpen Book Publishers,
_epublisher.
710 2 _aUniversity of Cambridge.
_bFaculty of Asian and Middle Eastern Studies,
_epublisher.
830 0 _aSemitic languages and cultures ;
_vv. 2.
_x2632-6914
856 4 0 _uhttp://doi.org/10.11647/OBP.0164
_zConnect to e-book
856 4 2 _uhttps://www.openbookpublishers.com/shopimages/products/cover/952.jpg
_zConnect to cover image
999 _c29218
_d29218